000 00756nam a2200265Ia 4500
003 GCL
008 140319s9999 xx 000 0 ara d
040 _aGCL /
_cGCL
082 0 4 _a347
_bع ت
100 1 _aعزالدين الدناصورى
245 1 0 _aالتعليق على قانون المرافعات /
_cعزالدين الدناصورى
700 1 _aحامد عكاز
260 _a[S.N] :
_bلا يوجد ،
_c1994
300 _a1082 ص
490 _a
650 0 4 _aالقانون
650 0 4 _aمصر
650 0 4 _aقانون المرافعات
650 0 4 _aالمحاماة
650 0 4 _aالمحاكم
650 0 4 _aتنفيذ الاحكام
650 0 4 _aالاثبات
650 0 4 _aالادعاءات
942 _2ddc
_cBK
999 _c55353
_d55353